• 首页
  • 本馆介绍
  • 公告通知
  • 最新文献
  • 馆藏检索
  • 电子资源
  • 读者导购
  • 参考咨询
  • 我的图书馆
  • 登录
  • 详细信息显示
  • 放入我的书架
  • 预约/预借图书
  • 作者相关作品
  • 分类相关作品
  • 丛书相关作品
  • 出版社相关作品

书目信息

  • 表格格式
  • 工作单格式
  • 卡片格式
题名:
图解世界名牌圣经
    
 
作者: 亦兮 编
分册:  
出版信息: 北京   中国华侨出版社  2017.11
页数: 408页
开本: 24cm
丛书名:
单 册:
中图分类: F760.5
科图分类:
主题词: 名牌--商品--介绍--世界
电子资源:
ISBN: 978-7-5113-7067-9
000 00821nam0 2200229 45
001 012001004347
005 20140928162349.0
010    @a978-7-5113-7067-9@dCNY68.00
100    @a20170919d2017 em y0chiy0110 ea
101 0  @achi
102    @aCN@b110000
105    @ay z 000yy
106    @ar
200 1  @a图解世界名牌圣经@9tu jie shi jie ming pai sheng jing@f亦兮编
210    @a北京@c中国华侨出版社@d2017.11
215    @a408页@d24cm
330    @a全书包括著名品牌、时装、皇家御用品牌、香水化妆品、名表、珠宝、皮具、名笔、名酒、私人游艇、飞机和豪车等,各挑选出位居前列的杰出品牌,介绍其传奇历史,精选其经典作品,讲述其品牌故事,并解析其美感,值得一读。
606 0  @a名牌@x商品@x介绍@x世界
690    @aF760.5@v5
701  0 @a亦兮@9yi xi@4编
801  0 @aCN@b上海新华@c20180901
905    @b1164820-4@dF760.5@e62@f5
    
    图解世界名牌圣经/亦兮编.-北京:中国华侨出版社,2017.11
    408页;24cm
    
    
    ISBN 978-7-5113-7067-9:CNY68.00
    全书包括著名品牌、时装、皇家御用品牌、香水化妆品、名表、珠宝、皮具、名笔、名酒、私人游艇、飞机和豪车等,各挑选出位居前列的杰出品牌,介绍其传奇历史,精选其经典作品,讲述其品牌故事,并解析其美感,值得一读。
●
相关链接 在E读中查询图书 在五车中查询图书 在当当中查询图书 在豆瓣中查询图书


正题名:图解世界名牌圣经     索取号:F760.5/62         预约/预借

序号 登录号 条形码 馆藏地/架位号 状态 备注
1 1164820   211648207   第一样本阅览室/ [索取号:F760.5/62] 在馆    
2 1164821   211648216   密集书库-海洋学院/ [索取号:F760.5/62] 在馆    
3 1164822   211648225   第一借阅区/ [索取号:F760.5/62] 在馆    
4 1164823   211648234   第一借阅区/ [索取号:F760.5/62] 在馆    
5 1164824   211648243   第一借阅区/ [索取号:F760.5/62] 在馆    
唐山师范学院图书馆 欢迎您!
大连网信软件有限公司© 版权所有